Представление документа в формате RUSMARC

ПолеНазваниеЗначение
  Тип записи a
  Библиографический уровень c
001 Контрольный номер RU/IS/BASE/293794279
005 Дата корректировки 20201206204633.7
010 Индекс ISBN __
a ISBN 978-5-93682-402-9
d Цена 210-00
101 Язык документа __
a Язык текста rus
c Язык оригинала rus
200 Заглавие и сведения об ответственности 1_
a Заглавие Гармония и алгебра строки
e Сведения, относящиеся к заглавию кн. для тех, кто пишет стихи, пробует это делать или просто для тех, кто любит поэзию
f Первые сведения об ответственности Илья Фоняков
b Общее обозначение материала Текст
210 Выходные данные __
a Место издания СПб.
c Издательство Геликон Плюс
d Дата издания 2007
215 Физическое описание __
a Объем 240 с.
300 Общие примечания __
a Общие примечания Дар межрайон. ЦБС им. М. Ю. Лермонтова СПб.
330 Аннотация __
a Аннотация Книгу автора можно считать учебником стихосложения, справочником по технике версификации, поэтическим словарем. Наряду с необходимыми знаниями о чисто технической стороне поэтического творчества, автор стремится привить читателю любовь к Поэзии, показать, как средства стиха влияют на содержание и смысл стихотворения.
606 Тематические рубрики __
a Основная рубрика Литературоведение
606 Тематические рубрики __
a Основная рубрика Русская литература XX в.
610 Ключевые слова __
a Ключевые слова поэзия; поэтическое творчество; стихосложение; поэтические словари; литературная деятельность
686 Индексы других классификаций __
a Классификационный индекс 83.3(2Рос=Рус)6
700 Автор _1
a Фамилия Фоняков
b Имя И.
4 Код отношения 070
801 Источник записи _0
a Страна RU
b Организация Муниципальное бюджетное учреждение культуры "Централизованная библиотечная система" г. Сургут (Центральная городская библиотека им. А. С. Пушкина)
g Правила каталогизации КиК/Елгина
801 Источник записи _1
a Страна RU
b Организация Муниципальное бюджетное учреждение культуры "Централизованная библиотечная система" г. Сургут (Центральная городская библиотека им. А. С. Пушкина)
g Правила каталогизации КиК/Елгина
852 Данные о местонахождении __
j Шифр хранения 83.3(2Рос=Рус)6
c Каталожный индекс 83.3(2Рос=Рус)6
i Авторский знак Ф 78
901 Тип документа __
t Тип документа x
903 Характеристики (МАРС) __
a Дата передачи 20090504
969 Тип издания __
a Тип издания сборник
990 Данные о заказе (DOS) __
j Количество экземпляров (DOS) 1
t N записи в КСУ для И/У (DOS) 200905